[Event "BL 1112 SK König Tegel - Hamburger SK"]
[Site "Berlin"]
[Date "2011.11.19"]
[Round "4.4"]
[White "Muse, Mladen"]
[Black "Ftacnik, Lubomir Dr"]
[Result "1/2-1/2"]
[WhiteElo "2443"]
[BlackElo "2570"]
[PlyCount "100"]
[EventDate "2011.10.14"]

1. Nf3 c5 2. c4 Nc6 3. g3 e5 4. Nc3 g6 5. Bg2 Bg7 6. O-O Nge7 7. d3 O-O 8. a3
d6 9. Rb1 a5 10. Bd2 Rb8 11. Ne1 Be6 12. Nc2 d5 13. cxd5 Nxd5 14. Ne3 Nde7 15.
Ne4 b6 16. b4 axb4 17. axb4 cxb4 18. Bxb4 Nxb4 19. Rxb4 Nc6 20. Rb1 Nd4 21. Nc3
f5 22. Nb5 Kh8 23. Nxd4 exd4 24. Nc2 Qd6 25. Rb2 Rfc8 26. Qd2 Rc5 27. Rfb1 b5
28. Na3 Bd7 29. Nc2 h6 30. Nb4 g5 31. Ra2 Rbc8 32. Bb7 Re8 33. Bf3 Rc3 34. Ra6
Qe5 35. h3 Rec8 36. Qa2 g4 37. hxg4 fxg4 38. Be4 Rc1+ 39. Rxc1 Rxc1+ 40. Kg2
Qh5 41. Ra8+ Bc8 42. Rxc8+ Rxc8 43. Nc6 Re8 44. Qa3 Qg5 45. Qd6 Qf6 46. Qd7 Rf8
47. f3 gxf3+ 48. exf3 Rf7 49. Qe8+ Rf8 50. Qd7 Rf7 1/2-1/2

[Event "BL 1112 SK König Tegel - Hamburger SK"]
[Site "Berlin"]
[Date "2011.11.19"]
[Round "4.5"]
[White "Rogozenco, Dorian"]
[Black "Von Herman, Ulf"]
[Result "1-0"]
[WhiteElo "2552"]
[BlackElo "2419"]
[PlyCount "71"]
[EventDate "2011.10.14"]

1. d4 Nf6 2. c4 e6 3. Nc3 Bb4 4. e3 O-O 5. Bd3 d5 6. Nf3 c5 7. O-O dxc4 8. Bxc4
cxd4 9. exd4 a6 10. a3 Bxc3 11. bxc3 b5 12. Bd3 Bb7 13. a4 Qc7 14. Bd2 Nbd7 15.
axb5 axb5 16. Qe2 Bd5 17. Rxa8 Rxa8 18. Bxb5 Ng4 19. Rd1 Ra2 20. h3 Ngf6 21.
Bd3 Nb6 22. Ne5 Na4 23. Rc1 Nb2 24. Bb1 Ra4 25. Bg5 Nc4 26. Bxf6 gxf6 27. Qc2
fxe5 28. Qxa4 e4 29. Re1 Qf4 30. Bxe4 Qd2 31. Rf1 Bxe4 32. Qxc4 Bd3 33. Qc8+
Kg7 34. Ra1 Qb2 35. Re1 Qd2 36. Re3 1-0

[Event "BL 1112 SK König Tegel - Hamburger SK"]
[Site "Berlin"]
[Date "2011.11.19"]
[Round "4.6"]
[White "Breier, Andreas"]
[Black "Heinemann, Thies"]
[Result "0-1"]
[WhiteElo "2400"]
[BlackElo "2469"]
[PlyCount "72"]
[EventDate "2011.10.14"]

1. d4 Nf6 2. c4 e6 3. g3 Bb4+ 4. Bd2 Be7 5. Bg2 d5 6. Nf3 O-O 7. O-O c6 8. Qc2
b6 9. Bf4 Ba6 10. cxd5 cxd5 11. Rc1 Nbd7 12. Nc3 b5 13. a4 Qb6 14. Nxb5 Bxb5
15. axb5 Qxb5 16. Bf1 Qb4 17. Bd2 Qb7 18. e3 Rfb8 19. Ra2 Bb4 20. Ba6 Qb6 21.
Qa4 Bxd2 22. Nxd2 Qd8 23. Nb3 Rb6 24. Nc5 Rab8 25. b3 Nxc5 26. Rxc5 Ne4 27. Rc1
Rxb3 28. Rac2 Rb1 29. Rxb1 Rxb1+ 30. Kg2 Nd6 31. Bd3 Rb7 32. Rc6 g6 33. Qa3 Rb6
34. Rc5 Qb8 35. Ra5 Rb3 36. Qc5 Nb7 0-1

[Event "BL 1112 SK König Tegel - Hamburger SK"]
[Site "Berlin"]
[Date "2011.11.19"]
[Round "4.7"]
[White "Sebastian, Dirk"]
[Black "Muse, Drazen"]
[Result "0-1"]
[WhiteElo "2446"]
[BlackElo "2388"]
[PlyCount "50"]
[EventDate "2011.10.14"]

1. e4 c6 2. d4 d5 3. exd5 cxd5 4. Bd3 Nc6 5. c3 Qc7 6. Ne2 Bg4 7. f3 Bd7 8. Bf4
e5 9. dxe5 Nxe5 10. Na3 a6 11. Bxe5 Qxe5 12. Qb3 Bc5 13. O-O-O Nf6 14. Nc2 O-O
15. g4 b5 16. f4 Qc7 17. g5 Ng4 18. Qxd5 Nf2 19. f5 Rad8 20. g6 Bc8 21. gxh7+
Kh8 22. Qf3 Bb7 23. Qh5 Bxh1 24. f6 gxf6 25. Qh6 Qe5 0-1

[Event "BL 1112 SK König Tegel - Hamburger SK"]
[Site "Berlin"]
[Date "2011.11.19"]
[Round "4.8"]
[White "Fruebing, Stefan"]
[Black "Berger, Steve"]
[Result "1/2-1/2"]
[WhiteElo "2373"]
[BlackElo "2416"]
[PlyCount "62"]
[EventDate "2011.10.14"]

1. e4 e6 2. d4 d5 3. Nc3 Bb4 4. e5 c5 5. a3 Bxc3+ 6. bxc3 Ne7 7. Nf3 Bd7 8. a4
Qa5 9. Bd2 Nbc6 10. Bb5 Qc7 11. O-O Na5 12. Qe2 b6 13. Bg5 cxd4 14. cxd4 Bxb5
15. Qxb5+ Qd7 16. Qd3 h6 17. Bxe7 Qxe7 18. Qb5+ Qd7 19. Qb4 Rc8 20. c3 Rc4 21.
Qa3 Qe7 22. Nd2 Qxa3 23. Rxa3 Rc7 24. f4 g6 25. Kf2 h5 26. Ke2 Kd7 27. Kd3 Rhc8
28. g3 Kc6 29. h3 Kb7 30. Rh1 Nc4 31. Nxc4 Rxc4 1/2-1/2

[Event "BL 1112 USV TU Dresden - Schachfr. Berlin"]
[Site "Berlin"]
[Date "2011.11.19"]
[Round "4.1"]
[White "Melkumyan, Hrant"]
[Black "Almasi, Zoltan"]
[Result "1/2-1/2"]
[WhiteElo "2619"]
[BlackElo "2710"]
[PlyCount "48"]
[EventDate "2011.10.14"]

1. d4 Nf6 2. c4 e6 3. Nc3 Bb4 4. e3 O-O 5. Bd3 d5 6. Nf3 c5 7. O-O dxc4 8. Bxc4
Nbd7 9. Qe2 a6 10. a4 Qe7 11. Na2 Ba5 12. dxc5 Bc7 13. b4 a5 14. Ba3 axb4 15.
Bxb4 Nxc5 16. Rfc1 Bd6 17. Nc3 Bd7 18. Nb5 Bxb5 19. Bxb5 Nb3 20. Bxd6 Qxd6 21.
Rd1 Qe7 22. Rab1 Nc5 23. Qb2 Nxa4 24. Bxa4 Rxa4 1/2-1/2

[Event "BL 1112 USV TU Dresden - Schachfr. Berlin"]
[Site "Berlin"]
[Date "2011.11.19"]
[Round "4.2"]
[White "Socko, Bartosz"]
[Black "Kraemer, Martin"]
[Result "1/2-1/2"]
[WhiteElo "2628"]
[BlackElo "2492"]
[PlyCount "86"]
[EventDate "2011.10.14"]

1. c4 e6 2. e4 d5 3. exd5 exd5 4. d4 Nf6 5. Nc3 Bb4 6. Bd3 O-O 7. Nge2 dxc4 8.
Bxc4 Nc6 9. O-O Bf5 10. a3 Bd6 11. Nb5 Be7 12. Ng3 Bg4 13. f3 Be6 14. Bxe6 fxe6
15. Be3 Qd7 16. Bf2 Rad8 17. Ne2 Nd5 18. Re1 Kh8 19. Qd2 h6 20. Rad1 Bg5 21.
Qd3 Qf7 22. Nbc3 a6 23. Ne4 Be7 24. Qb3 Na5 25. Qc2 Nc6 26. Nc5 Bxc5 27. dxc5
e5 28. b4 Nf6 29. Ng3 Nd5 30. Qc4 Kg8 31. Ne4 Nf4 32. Qxf7+ Kxf7 33. Be3 Rxd1
34. Rxd1 Rd8 35. Rxd8 Nxd8 36. Bxf4 exf4 37. Kf2 Ke6 38. Ke2 Nc6 39. Kd3 Ne5+
40. Kd4 Nc6+ 41. Kc4 Ne5+ 42. Kd4 Nc6+ 43. Kc4 Ne5+ 1/2-1/2

[Event "BL 1112 USV TU Dresden - Schachfr. Berlin"]
[Site "Berlin"]
[Date "2011.11.19"]
[Round "4.3"]
[White "Antoniewski, Rafal"]
[Black "Gajewski, Grzegorz"]
[Result "1/2-1/2"]
[WhiteElo "2585"]
[BlackElo "2607"]
[PlyCount "34"]
[EventDate "2011.10.14"]

1. e4 c5 2. Nf3 d6 3. d4 cxd4 4. Nxd4 Nf6 5. Nc3 a6 6. Be3 e5 7. Nf3 Be7 8. Bc4
O-O 9. O-O Qc7 10. Bb3 Be6 11. Qe2 Rc8 12. Rfd1 b5 13. Bg5 Nbd7 14. Ne1 Bg4 15.
Nf3 Be6 16. Ne1 Bg4 17. Nf3 Be6 1/2-1/2

[Event "BL 1112 USV TU Dresden - Schachfr. Berlin"]
[Site "Berlin"]
[Date "2011.11.19"]
[Round "4.4"]
[White "Boensch, Uwe"]
[Black "Michalik, Peter"]
[Result "1/2-1/2"]
[WhiteElo "2530"]
[BlackElo "2511"]
[PlyCount "136"]
[EventDate "2011.10.14"]

1. d4 d5 2. c4 e6 3. Nf3 Nf6 4. Bg5 Be7 5. Nc3 h6 6. Bh4 O-O 7. e3 Ne4 8. Bxe7
Qxe7 9. Qc2 Nxc3 10. Qxc3 c6 11. Be2 dxc4 12. Bxc4 b6 13. Be2 Bb7 14. O-O Nd7
15. Rfc1 Rfe8 16. b4 Rac8 17. h3 e5 18. Nxe5 Nxe5 19. dxe5 Qxe5 20. Bf3 Qe7 21.
Qb3 Rc7 22. Qa4 Ra8 23. Rab1 a5 24. bxa5 Rxa5 25. Qf4 b5 26. Rc5 Rd7 27. Re5
Qd8 28. Qe4 Ra8 29. Bg4 Rc7 30. Rd1 Qf8 31. Qf4 c5 32. Bd7 Bc6 33. Bf5 Rca7 34.
Bb1 c4 35. Qf5 g6 36. Qf6 Qg7 37. Qf4 Rd7 38. Rxd7 Bxd7 39. Qd4 Re8 40. f4 Rxe5
41. fxe5 Be6 42. Qc5 b4 43. Qxb4 Qxe5 44. Kf2 Qf6+ 45. Ke2 Bd5 46. e4 Be6 47.
a4 Qg5 48. Kf3 Qc1 49. a5 Qf1+ 50. Kg3 c3 51. Bc2 g5 52. Qd6 Bc4 53. Qd8+ Kh7
54. e5+ Kg7 55. Qd4 Kf8 56. Qf2 Qc1 57. e6 Bxe6 58. a6 Qa3 59. Qb6 Ke7 60. Qc7+
Kf6 61. a7 Bd5 62. Qd8+ Ke6 63. Qe8+ Kf6 64. Qd8+ Ke6 65. Qc8+ Ke7 66. Qc7+ Ke6
67. Qc8+ Ke7 68. Qc7+ Ke6 1/2-1/2

[Event "BL 1112 USV TU Dresden - Schachfr. Berlin"]
[Site "Berlin"]
[Date "2011.11.19"]
[Round "4.5"]
[White "Schneider, Ilja"]
[Black "Maiwald, Jens-Uwe"]
[Result "1-0"]
[WhiteElo "2472"]
[BlackElo "2459"]
[PlyCount "81"]
[EventDate "2011.10.14"]

1. d4 d6 2. e4 Nf6 3. Nc3 g6 4. Nge2 Bg7 5. g3 O-O 6. Bg2 e5 7. O-O Nc6 8. dxe5
dxe5 9. Bg5 Qxd1 10. Rfxd1 Nb4 11. a3 Nxc2 12. Bxf6 Bxf6 13. Rac1 Nd4 14. Nxd4
exd4 15. Nd5 Bg7 16. Rxc7 Bg4 17. Rd2 d3 18. Rxd3 Bxb2 19. Rxb7 Bg7 20. Ne7+
Kh8 21. Nc6 a5 22. a4 Bc8 23. Rc7 Be6 24. e5 Rfc8 25. Rxc8+ Rxc8 26. f4 Bf8 27.
Kf2 Rc7 28. Ke3 Bc5+ 29. Kd2 Rb7 30. Bd5 Bf5 31. Rb3 Rd7 32. Rb8+ Kg7 33. Rd8
Rb7 34. Kc3 Bg1 35. Nxa5 Rc7+ 36. Nc4 Bxh2 37. a5 Bxg3 38. Kb4 Bxf4 39. a6 Bg5
40. Rb8 Bh4 41. Rb7 1-0

[Event "BL 1112 USV TU Dresden - Schachfr. Berlin"]
[Site "Berlin"]
[Date "2011.11.19"]
[Round "4.6"]
[White "Tischbierek, Raj"]
[Black "Berndt, Stephan"]
[Result "0-1"]
[WhiteElo "2454"]
[BlackElo "2441"]
[PlyCount "77"]
[EventDate "2011.10.14"]

1. g3 g6 2. d4 d5 3. Bg2 Bg7 4. Nf3 Nf6 5. O-O O-O 6. Nbd2 Nbd7 7. c4 c6 8. b3
b6 9. Bb2 Bb7 10. e3 c5 11. Qe2 dxc4 12. bxc4 e6 13. a4 Qc7 14. a5 Ne4 15. Nb3
Rfc8 16. Rfc1 Rab8 17. Ne1 Nd6 18. d5 Bxb2 19. Qxb2 exd5 20. cxd5 c4 21. e4
Bxd5 22. e5 Ne4 23. Rd1 Ba8 24. e6 fxe6 25. Nd4 Ndc5 26. axb6 Rxb6 27. Qc2 Bd5
28. Rac1 Qb7 29. Rb1 Rb8 30. Rxb6 Qxb6 31. Ra1 Nd3 32. Nef3 Ndxf2 33. Qa4 Nd3
34. Bh3 Ndc5 35. Qa3 Qb2 36. Qxa7 Ra8 37. Bxe6+ Nxe6 38. Qxa8+ Bxa8 39. Rxa8+
0-1

[Event "BL 1112 USV TU Dresden - Schachfr. Berlin"]
[Site "Berlin"]
[Date "2011.11.19"]
[Round "4.7"]
[White "Polzin, Rainer"]
[Black "Uhlmann, Wolfgang"]
[Result "1-0"]
[WhiteElo "2469"]
[BlackElo "2379"]
[PlyCount "141"]
[EventDate "2011.10.14"]

1. e4 e6 2. d4 d5 3. Nc3 Bb4 4. e5 Ne7 5. a3 Bxc3+ 6. bxc3 c5 7. Qg4 O-O 8. Bd3
f5 9. exf6 Rxf6 10. Bg5 Rf7 11. Qh5 g6 12. Qd1 Qa5 13. Bd2 Nbc6 14. Nf3 Qa4 15.
dxc5 e5 16. Be2 Qa5 17. c4 Qxc5 18. cxd5 Nxd5 19. O-O Bf5 20. c4 Nf6 21. Be3
Qf8 22. c5 Rd7 23. Qb3+ Kg7 24. Bb5 Qe7 25. Rfe1 Be4 26. Bg5 Bd5 27. Qc3 e4 28.
Bxc6 Bxc6 29. Ne5 Rd5 30. Nxc6 bxc6 31. Be3 Rad8 32. h3 Rd3 33. Qb2 h6 34. Rab1
g5 35. Qb7 Qxb7 36. Rxb7+ R8d7 37. Reb1 Kf7 38. a4 Ke6 39. Rxd7 Rxd7 40. a5 Nd5
41. a6 Nc7 42. Rb4 Nxa6 43. Rxe4+ Kf5 44. Ra4 Nb8 45. g4+ Kg6 46. Kg2 h5 47.
Rb4 Na6 48. Ra4 Nc7 49. Rxa7 hxg4 50. hxg4 Rf7 51. Kg3 Re7 52. Bd2 Rd7 53. Be3
Re7 54. Kf3 Rf7+ 55. Kg2 Re7 56. Bd2 Rf7 57. Rb7 Ne6 58. Rxf7 Kxf7 59. Be3 Kf6
60. Kg3 Ke5 61. Bxg5 Nxc5 62. f4+ Ke4 63. f5 Nd7 64. Bc1 c5 65. Bb2 c4 66. Ba1
Kd3 67. Kf4 c3 68. Bxc3 Kxc3 69. g5 Kd4 70. f6 Kd5 71. Kf5 1-0

[Event "BL 1112 USV TU Dresden - Schachfr. Berlin"]
[Site "Berlin"]
[Date "2011.11.19"]
[Round "4.8"]
[White "Hoffmann, Paul"]
[Black "Mihok, Oliver"]
[Result "1-0"]
[WhiteElo "2317"]
[BlackElo "2445"]
[PlyCount "106"]
[EventDate "2011.10.14"]

1. e4 c5 2. Nf3 e6 3. c4 a6 4. Nc3 Qc7 5. Be2 d6 6. d4 cxd4 7. Nxd4 Nf6 8. Be3
b6 9. O-O Bb7 10. f3 Be7 11. Qd2 O-O 12. Rfc1 Rc8 13. a4 Qd8 14. a5 bxa5 15.
Nb3 Nc6 16. Na4 Nd7 17. c5 dxc5 18. Nbxc5 Nxc5 19. Qxd8+ Rxd8 20. Nxc5 Bxc5 21.
Rxc5 h6 22. Bd1 Rd3 23. Kf2 Rad8 24. Ba4 Nb4 25. Rc7 Bc8 26. Bb6 R3d6 27. Bxa5
Nd3+ 28. Kg1 Nxb2 29. Rcc1 Nxa4 30. Bxd8 Rxd8 31. Rxa4 Kf8 32. Rac4 Bd7 33. Rd1
Ke7 34. Rc7 a5 35. Ra7 a4 36. e5 Ke8 37. Kf2 Ke7 38. f4 Ke8 39. Rd4 Bc6 40.
Rxd8+ Kxd8 41. Rxf7 g6 42. Ke3 Bxg2 43. Kd4 Bd5 44. Ra7 Bb3 45. Kc3 Ke8 46. Rg7
Bd5 47. Kb4 Be4 48. Kxa4 Kf8 49. Rc7 g5 50. fxg5 hxg5 51. Kb4 Bg6 52. Kc5 Bf7
53. Kd6 Kg7 1-0

[Event "BL 1112 SV Mülheim Nord - SC Eppingen"]
[Site "Hockenheim"]
[Date "2011.11.20"]
[Round "5.1"]
[White "Bologan, Victor"]
[Black "Grachev, Boris"]
[Result "1/2-1/2"]
[WhiteElo "2657"]
[BlackElo "2682"]
[PlyCount "83"]
[EventDate "2011.10.14"]

1. e4 e6 2. d4 d5 3. Nc3 Nf6 4. e5 Nfd7 5. f4 c5 6. Nf3 Nc6 7. Be3 cxd4 8. Nxd4
Bc5 9. Qd2 O-O 10. O-O-O Bxd4 11. Bxd4 Qa5 12. Kb1 Rb8 13. Ne2 Qxd2 14. Rxd2
Nxd4 15. Nxd4 Nc5 16. Bd3 Bd7 17. b3 a5 18. c3 f6 19. Bc2 fxe5 20. fxe5 Be8 21.
b4 axb4 22. cxb4 Ne4 23. Bxe4 dxe4 24. Re1 Bg6 25. Nc2 Rbd8 26. Rxd8 Rxd8 27.
Kc1 b5 28. Rd1 Ra8 29. Kb2 Rf8 30. Rd2 Rf1 31. Kc3 Rc1 32. Kd4 Kf8 33. Ne3 Rc8
34. g4 Ke7 35. h4 h5 36. gxh5 Rd8+ 37. Kc3 Rc8+ 38. Kd4 Rd8+ 39. Kc3 Rc8+ 40.
Kb2 Bxh5 41. Rc2 Rd8 42. Rc7+ 1/2-1/2

[Event "BL 1112 SV Mülheim Nord - SC Eppingen"]
[Site "Hockenheim"]
[Date "2011.11.20"]
[Round "5.2"]
[White "Fridman, Daniel"]
[Black "Balogh, Csaba"]
[Result "1/2-1/2"]
[WhiteElo "2652"]
[BlackElo "2662"]
[PlyCount "129"]
[EventDate "2011.10.14"]

1. Nf3 d5 2. d4 Nf6 3. c4 c6 4. e3 Bg4 5. h3 Bh5 6. Nc3 e6 7. g4 Bg6 8. Ne5
Nbd7 9. Nxg6 hxg6 10. Bd2 Bb4 11. Qb3 a5 12. f3 dxc4 13. Bxc4 Nd5 14. a3 a4 15.
Qc2 Ba5 16. Kf2 Qh4+ 17. Kg2 Bc7 18. Ne2 g5 19. Qc1 Ba5 20. Nc3 Qh6 21. Bxd5
exd5 22. e4 Bxc3 23. bxc3 dxe4 24. fxe4 Qe6 25. Re1 f6 26. Qb2 O-O 27. Qa2 Qxa2
28. Rxa2 b5 29. c4 bxc4 30. Rc2 c5 31. Rxc4 Rfb8 32. Bc3 cxd4 33. Bxd4 Rb3 34.
Re3 Ne5 35. Rcc3 Rb2+ 36. Kf1 Rd8 37. Bxe5 fxe5 38. Re2 Rf8+ 39. Ke1 Rb1+ 40.
Kd2 Rd8+ 41. Kc2 Ra1 42. Kb2 Rdd1 43. Rc8+ Kh7 44. Ra8 Rdb1+ 45. Kc2 Rb3 46.
Rxa4 Rbxa3 47. Rxa3 Rxa3 48. Kd2 Rxh3 49. Rf2 Rg3 50. Rf5 Rxg4 51. Ke3 Kg6 52.
Rxe5 Rf4 53. Rd5 Rf1 54. Rd2 Kh5 55. Rh2+ Kg4 56. Rg2+ Kh4 57. e5 g4 58. e6 Rf8
59. e7 Re8 60. Kf4 g5+ 61. Kf5 g3 62. Re2 g2 63. Rxg2 Rxe7 64. Rg4+ Kh3 65.
Rxg5 1/2-1/2

[Event "BL 1112 SV Mülheim Nord - SC Eppingen"]
[Site "Hockenheim"]
[Date "2011.11.20"]
[Round "5.3"]
[White "Tiviakov, Sergei"]
[Black "Landa, Konstantin"]
[Result "1/2-1/2"]
[WhiteElo "2647"]
[BlackElo "2639"]
[PlyCount "77"]
[EventDate "2011.10.14"]

1. e4 c6 2. d4 d5 3. Nd2 dxe4 4. Nxe4 Bf5 5. Ng3 Bg6 6. Nh3 Nf6 7. Bc4 e6 8.
Nf4 Bd6 9. c3 Nbd7 10. Qf3 Nb6 11. Bb3 Nbd5 12. Nxg6 hxg6 13. Bg5 Be7 14. Bd2
Nh5 15. O-O-O Bg5 16. Ne4 Bxd2+ 17. Rxd2 Qc7 18. c4 Ndf6 19. Nc3 O-O-O 20. g3
Kb8 21. Rhd1 Rd7 22. Qe2 Rhd8 23. f4 Ne8 24. d5 exd5 25. cxd5 cxd5 26. Bxd5 a6
27. Qe5 Re7 28. Qxc7+ Kxc7 29. Rd4 Nhf6 30. Bf3 Rxd4 31. Rxd4 Re3 32. Nd5+ Nxd5
33. Bxd5 Nd6 34. Kd2 Re8 35. Rd3 Ne4+ 36. Kc2 Nd6 37. Kd2 Ne4+ 38. Kc2 Nd6 39.
Kd2 1/2-1/2

[Event "BL 1112 SV Mülheim Nord - SC Eppingen"]
[Site "Hockenheim"]
[Date "2011.11.20"]
[Round "5.4"]
[White "Golod, Vitali"]
[Black "Gyimesi, Zoltan"]
[Result "1/2-1/2"]
[WhiteElo "2579"]
[BlackElo "2646"]
[PlyCount "44"]
[EventDate "2011.10.14"]

1. d4 Nf6 2. c4 e6 3. Nc3 Bb4 4. e3 O-O 5. Nge2 d5 6. a3 Bd6 7. Ng3 c6 8. c5
Bc7 9. f4 b6 10. b4 a5 11. Bd2 Ba6 12. Bxa6 Rxa6 13. O-O axb4 14. axb4 Rxa1 15.
Qxa1 bxc5 16. bxc5 Ba5 17. Nb1 Bxd2 18. Nxd2 Ng4 19. Qe1 Nd7 20. h3 Nh6 21. Nf3
Qc7 22. Qa1 Rb8 1/2-1/2

[Event "BL 1112 SV Mülheim Nord - SC Eppingen"]
[Site "Hockenheim"]
[Date "2011.11.20"]
[Round "5.5"]
[White "Postny, Evgeny"]
[Black "Malakhatko, Vadim"]
[Result "1-0"]
[WhiteElo "2622"]
[BlackElo "2543"]
[PlyCount "77"]
[EventDate "2011.10.14"]

1. c4 c6 2. Nf3 d5 3. d4 Nf6 4. Nc3 e6 5. g3 dxc4 6. Bg2 c5 7. Qa4+ Nbd7 8. O-O
a6 9. Rd1 Rb8 10. Bf4 b5 11. Qc2 Rb6 12. d5 Bb7 13. dxe6 fxe6 14. a4 Qc8 15.
axb5 axb5 16. Ra5 Ba6 17. Ng5 Be7 18. Bh3 Nf8 19. Rda1 h6 20. Nge4 Kf7 21. Nxf6
gxf6 22. Nd5 Rc6 23. Nc7 Bb7 24. Nxb5 Rb6 25. Na3 Qc6 26. f3 Ng6 27. Nxc4 Nxf4
28. gxf4 Rb4 29. Kf2 h5 30. Rg1 Rh6 31. f5 Qc7 32. fxe6+ Kf8 33. Rg2 Qf4 34.
Ne3 Qd4 35. Qc3 Rh7 36. Qxd4 cxd4 37. Nf5 Bd8 38. Ra1 Rxb2 39. Rag1 1-0

[Event "BL 1112 SV Mülheim Nord - SC Eppingen"]
[Site "Hockenheim"]
[Date "2011.11.20"]
[Round "5.6"]
[White "Berelowitsch, Alexander"]
[Black "Acs, Peter"]
[Result "1-0"]
[WhiteElo "2563"]
[BlackElo "2587"]
[PlyCount "67"]
[EventDate "2011.10.14"]

1. e4 e5 2. Nf3 Nc6 3. d4 exd4 4. Nxd4 Bc5 5. Nxc6 Qf6 6. Qf3 dxc6 7. Nc3 Be6
8. Be3 Qe7 9. Bxc5 Qxc5 10. O-O-O Qg5+ 11. Rd2 Rd8 12. Bd3 Qa5 13. Qg3 Ne7 14.
a3 O-O 15. f4 f6 16. Rhd1 Rb8 17. Qf2 c5 18. f5 Bf7 19. e5 fxe5 20. f6 Ng6 21.
Bxg6 Bxg6 22. Nd5 gxf6 23. Nxf6+ Kh8 24. Qh4 Qa6 25. Nd7 Qe6 26. Nxb8 Rxb8 27.
Rd8+ Rxd8 28. Qxd8+ Kg7 29. Rd7+ Bf7 30. Qg5+ Kf8 31. Rxc7 b6 32. Rxa7 e4 33.
Ra8+ Be8 34. Qh5 1-0

[Event "BL 1112 SV Mülheim Nord - SC Eppingen"]
[Site "Hockenheim"]
[Date "2011.11.20"]
[Round "5.7"]
[White "Bindrich, Falko"]
[Black "Hausrath, Daniel"]
[Result "1-0"]
[WhiteElo "2548"]
[BlackElo "2507"]
[PlyCount "119"]
[EventDate "2011.10.14"]

1. Nf3 c5 2. c4 g6 3. g3 Bg7 4. Bg2 Nc6 5. Nc3 Nh6 6. d4 cxd4 7. Bxh6 Bxh6 8.
Nxd4 O-O 9. O-O Nxd4 10. Qxd4 Bg7 11. Qe3 d6 12. Rfd1 Bxc3 13. Qxc3 Qc7 14.
Rac1 Rb8 15. Qe3 Be6 16. b4 b6 17. Bd5 Qd7 18. Rd4 Bxd5 19. cxd5 Rbc8 20. Rdc4
Rxc4 21. Rxc4 Qf5 22. Qe4 Qf6 23. Kg2 e6 24. Rc7 exd5 25. Qxd5 Qb2 26. b5 Qxe2
27. Rxa7 Qe1 28. a4 Qb4 29. h4 h5 30. Rd7 Qc5 31. Qxd6 Qxd6 32. Rxd6 Ra8 33.
Rd4 Kg7 34. Kf3 Re8 35. Re4 Rc8 36. Ke3 Rc2 37. Rf4 Ra2 38. Rc4 Kf6 39. Ke4 Ke6
40. f3 Re2+ 41. Kf4 Ra2 42. Rc6+ Ke7 43. Rc7+ Kf6 44. Ra7 Rb2 45. Ke4 Ke6 46.
Ra6 Rb4+ 47. Kd3 Kd5 48. Kc3 Kc5 49. Ra7 Rc4+ 50. Kd3 Rd4+ 51. Ke3 Rb4 52. Rc7+
Kd5 53. Rxf7 Ke5 54. Re7+ Kf5 55. Rf7+ Ke5 56. Re7+ Kf5 57. Re4 Rb3+ 58. Kd4
Rxf3 59. Rf4+ Rxf4+ 60. gxf4 1-0

[Event "BL 1112 SV Mülheim Nord - SC Eppingen"]
[Site "Hockenheim"]
[Date "2011.11.20"]
[Round "5.8"]
[White "Levin, Felix"]
[Black "Medvegy, Zoltan"]
[Result "1/2-1/2"]
[WhiteElo "2482"]
[BlackElo "2531"]
[PlyCount "86"]
[EventDate "2011.10.14"]

1. d4 Nf6 2. c4 e6 3. g3 c5 4. d5 exd5 5. cxd5 d6 6. Nc3 g6 7. Bg2 Bg7 8. Nf3
O-O 9. O-O a6 10. a4 Re8 11. Bf4 Nh5 12. Bg5 Qc7 13. Qd2 Nd7 14. Bh6 Rb8 15.
Bxg7 Nxg7 16. Rab1 Nf6 17. Ng5 Qe7 18. b4 h6 19. Nge4 Nxe4 20. Bxe4 Bh3 21.
Rfc1 cxb4 22. Rxb4 g5 23. Bg2 Bxg2 24. Kxg2 f5 25. Rcb1 Rec8 26. Qd3 Rc7 27.
Nd1 Rf8 28. Ne3 f4 29. Nc4 g4 30. Nd2 fxg3 31. hxg3 h5 32. Ne4 Rf7 33. Rb6 Nf5
34. Nxd6 Nxd6 35. Qg6+ Rg7 36. Qxd6 Qxe2 37. Qd8+ Kh7 38. Re6 Qf3+ 39. Kg1 Rgf7
40. Rf1 Rc1 41. Rxc1 Qxf2+ 42. Kh1 Qf3+ 43. Kh2 Qf2+ 1/2-1/2

[Event "BL 1112 SF Katernberg - SV Hockenheim"]
[Site "Hockenheim"]
[Date "2011.11.20"]
[Round "5.1"]
[White "Buhmann, Rainer"]
[Black "Fontaine, Robert"]
[Result "1/2-1/2"]
[WhiteElo "2606"]
[BlackElo "2552"]
[PlyCount "117"]
[EventDate "2011.10.14"]

1. Nf3 Nf6 2. c4 g6 3. Nc3 Bg7 4. e4 d6 5. d4 O-O 6. Be2 e5 7. O-O Nc6 8. d5
Ne7 9. b4 Ne8 10. c5 f5 11. Ng5 h6 12. Ne6 Bxe6 13. dxe6 fxe4 14. cxd6 Nxd6 15.
b5 Kh7 16. Ba3 Nef5 17. Nd5 Re8 18. Rc1 Rc8 19. Bxd6 Qxd6 20. Nxc7 Red8 21.
Qxd6 Rxd6 22. h4 h5 23. b6 axb6 24. Bb5 Bh6 25. Rc4 e3 26. fxe3 Bxe3+ 27. Kh2
Bf4+ 28. Rfxf4 exf4 29. Bd7 Rd8 30. Rxf4 R6xd7 31. exd7 Rxd7 32. Ne6 Rd2 33. a4
Kh6 34. Rb4 Rd6 35. Ng5 Kg7 36. Rc4 Rd7 37. Re4 Rd5 38. Rb4 Kh6 39. Rxb6 Nxh4
40. Nf3 Nxf3+ 41. gxf3 Rd4 42. Rxb7 Rxa4 43. Rb5 Rf4 44. Kg3 g5 45. Rb6+ Kg7
46. Rc6 Rf6 47. Rc5 Kg6 48. Rc8 Rb6 49. Rg8+ Kf5 50. Rf8+ Rf6 51. Ra8 h4+ 52.
Kg2 Rd6 53. Rf8+ Kg6 54. Rg8+ Kh6 55. f4 gxf4 56. Kf3 h3 57. Kxf4 Rd3 58. Kg4
Kh7 59. Rg5 1/2-1/2

[Event "BL 1112 SF Katernberg - SV Hockenheim"]
[Site "Hockenheim"]
[Date "2011.11.20"]
[Round "5.2"]
[White "Bischoff, Klaus"]
[Black "Baramidze, David"]
[Result "1/2-1/2"]
[WhiteElo "2547"]
[BlackElo "2591"]
[PlyCount "73"]
[EventDate "2011.10.14"]

1. c4 e6 2. Nc3 d5 3. d4 Be7 4. Bf4 Nf6 5. e3 O-O 6. Rc1 Nbd7 7. cxd5 exd5 8.
Bd3 c6 9. h3 Re8 10. Nf3 Nf8 11. O-O Ng6 12. Bh2 Bd6 13. Bxd6 Qxd6 14. Qc2 Qe7
15. a3 Ne4 16. Bxe4 dxe4 17. Nd2 f5 18. Ne2 Be6 19. Qc5 Qh4 20. Qd6 Rad8 21.
Qg3 Qh6 22. Nc4 Rf8 23. Ne5 f4 24. exf4 Nxf4 25. Nxf4 Rxf4 26. Qe3 Rdf8 27. Rc3
a5 28. b4 axb4 29. axb4 Qg5 30. Rb1 h6 31. Rb2 Qh5 32. Qe1 R8f5 33. Rg3 Rf6 34.
Re3 Qg5 35. Rg3 Qh5 36. Re3 Qg5 37. Rg3 1/2-1/2

[Event "BL 1112 SF Katernberg - SV Hockenheim"]
[Site "Hockenheim"]
[Date "2011.11.20"]
[Round "5.3"]
[White "Saric, Ivan"]
[Black "Lahno, Kateryna"]
[Result "1/2-1/2"]
[WhiteElo "2643"]
[BlackElo "2554"]
[PlyCount "117"]
[EventDate "2011.10.14"]

1. e4 c5 2. Nf3 d6 3. d4 cxd4 4. Nxd4 Nf6 5. Nc3 a6 6. Be3 e6 7. f3 b5 8. Qd2
b4 9. Na4 Nbd7 10. O-O-O Qa5 11. b3 Bb7 12. a3 Qc7 13. axb4 d5 14. b5 dxe4 15.
b6 Ba3+ 16. Kb1 Qd6 17. Ka2 Qe7 18. c3 O-O 19. Nc2 Bc5 20. Nxc5 Nxc5 21. Qd6
Qxd6 22. Rxd6 Rfc8 23. b4 Na4 24. c4 exf3 25. gxf3 Bxf3 26. Rg1 Ne4 27. Rd7
Rab8 28. b7 Nec3+ 29. Kb3 Bxb7 30. Bd4 g6 31. Rxb7 Rxb7 32. Bxc3 Nxc3 33. Kxc3
a5 34. bxa5 Ra7 35. Rg5 f5 36. Nd4 Rxa5 37. Nxe6 Ra1 38. Bd3 Kf7 39. Nd4 Ra3+
40. Nb3 Ra2 41. h3 Kf6 42. Rg3 f4 43. Rf3 Ke5 44. c5 Ra3 45. Kb4 Rxb3+ 46. Kxb3
Rxc5 47. Bc2 Rc7 48. Kb2 g5 49. Rb3 Kd4 50. Rd3+ Ke5 51. Rd8 Rf7 52. Bb3 Rf6
53. Rd5+ Ke4 54. Rxg5 f3 55. Bc4 f2 56. Bf1 Rg6 57. Rxg6 hxg6 58. Kc3 g5 59.
Kd2 1/2-1/2

[Event "BL 1112 SF Katernberg - SV Hockenheim"]
[Site "Hockenheim"]
[Date "2011.11.20"]
[Round "5.4"]
[White "Firman, Nazar"]
[Black "Miroshnichenko, Evgenij"]
[Result "1/2-1/2"]
[WhiteElo "2517"]
[BlackElo "2624"]
[PlyCount "81"]
[EventDate "2011.10.14"]

1. e4 e5 2. Nf3 Nc6 3. Bb5 Nf6 4. O-O Nxe4 5. d4 Nd6 6. Bxc6 dxc6 7. dxe5 Nf5
8. Qxd8+ Kxd8 9. h3 Bd7 10. Nc3 h6 11. Bf4 Kc8 12. Rad1 Be6 13. g4 Ne7 14. Nd4
Bc4 15. Rfe1 c5 16. Nf5 Be6 17. Nxe7+ Bxe7 18. Nd5 Bg5 19. Be3 Rd8 20. Bxg5
Rxd5 21. Rxd5 Bxd5 22. Rd1 c6 23. Be7 Kc7 24. Bxc5 h5 25. Kh2 hxg4 26. hxg4
Rh8+ 27. Kg3 Rh1 28. Rxh1 Bxh1 29. Kf4 b6 30. Bf8 g6 31. Kg5 Kd7 32. Kf6 Ke8
33. Bd6 Bf3 34. Bb8 Bxg4 35. Bxa7 b5 36. b3 Bf5 37. c3 Bb1 38. a4 Bc2 39. a5
Bxb3 40. Bc5 Kd7 41. a6 1/2-1/2